000 00663cam a22002293a 4500
001 20794
003 PGUSA
005 20140828083437.0
008 070310s2007||||xxu|||||s|||||000 1 eng d
040 _aPGUSA
_beng
042 _adc
050 4 _aPT
100 1 _aBosboom-Toussaint, A. L. G.
_q(Anna Louisa Geertruida),
_d1812-1886
245 1 0 _aMajoor Frans
_h[electronic resource] /
_cA. L. G. Bosboom-Toussaint
260 _bProject Gutenberg,
_c2007
506 _aPublic domain in the USA.
516 _aElectronic text
653 _aDutch fiction
830 0 _aProject Gutenberg
_v20794
856 4 0 _uhttp://www.gutenberg.org/ebooks/20794
942 _cEB
999 _c250049
_d250049